000 00362nam a2200145Ia 4500
008 150201s2002 xx 000 0 und d
082 _a611
_bH2002S
100 _aSINGH ,INDERVIR
245 _aTEXT BOOK OF HUMAN HISTOLOGY
250 _a4TH
260 _bJAYPEE MEDICAL PUBLISHER
_aDELHI
_c2002
300 _a1-352
650 _aORAL HISTOLOGY
942 _2ddc
_cBK
999 _c3554
_d3554